000 00370nam a22001577a 4500
003 MPLRDC
005 20220104145712.0
008 210129b ||||| |||| 00| 0 eng d
082 _a848.1 LBN-3
100 _a刘半农著
245 _a刘半农诗选
_c
260 _a
_b新月出版社
_c1960
300 _b
650 _a现代别集
942 _cBK
_o848.1 LBN-3
999 _c51469
_d51459